|
|
|
|
| LEADER |
00928nam a2200277 a 4500 |
| 001 |
5285 |
| 003 |
BD-DhAAL |
| 005 |
20150921101801.0 |
| 008 |
150921s1988 enk 000 0 eng d |
| 010 |
|
|
|a gb 89024932
|
| 020 |
|
|
|a 8176493775
|
| 020 |
|
|
|a 0851214150 (pbk) :
|
| 040 |
|
|
|a UKM
|c UKM
|d EQF
|d BD-DhAAL
|
| 082 |
0 |
4 |
|a 659.2
|2 19
|
| 100 |
1 |
|
|a Dunn, Jim.
|9 14921
|
| 245 |
1 |
0 |
|a Successful public relations.
|
| 260 |
|
|
|a London :
|a New Delhi :
|b Longman,
|b Viva Books,
|c 2005.
|
| 300 |
|
|
|a 153 p. ;
|c 23 cm.
|
| 541 |
|
|
|e 5285
|
| 650 |
|
0 |
|a Public relations
|z Great Britain.
|9 14922
|
| 650 |
|
0 |
|a Mass media
|z Great Britain.
|9 14923
|
| 700 |
1 |
|
|a Crawshaw, Gerry.
|9 14924
|
| 830 |
|
0 |
|a Hawksmere communications guide.
|9 14925
|
| 942 |
|
|
|2 ddc
|c BK
|
| 999 |
|
|
|c 35628
|d 35628
|
| 952 |
|
|
|0 0
|1 0
|2 ddc
|4 0
|6 659_200000000000000_DUN
|7 0
|9 56019
|a SCL
|b SCL
|c GEN
|d 2015-09-21
|g 331.00
|l 1
|m 8
|o 659.2 DUN
|p 3020005285
|r 2018-11-26
|s 2018-09-30
|t 1
|w 2015-09-21
|y BK
|